[Event "Gibtelecom Masters 2005"]
[Site "Gibraltar ENG"]
[Date "2005.01.26"]
[Round "2.10"]
[White "Kotronias, Vasilios"]
[Black "Skripchenko, Almira"]
[Result "1-0"]
[WhiteElo "2585"]
[BlackElo "2459"]
[PlyCount "43"]
[EventDate "2005.01.26"]
[EventType "swiss"]
[EventRounds "10"]
[EventCountry "ENG"]
[Source "lmi"]
[SourceDate "2005.02.03"]

1. e4 c5 2. Nf3 e6 3. d4 cxd4 4. Nxd4 Nc6 5. Nc3 Qc7 6. Be3 a6 7. Bd3 Nf6 8.
O-O Nxd4 9. Bxd4 Bc5 10. Bxc5 Qxc5 11. Qd2 d6 12. Kh1 O-O 13. f4 e5 14. Rae1
Be6 15. f5 Bd7 16. Rf3 Kh8 17. Qg5 Bc6 18. Rg3 Rg8 19. Rh3 Qb4 20. a3 Qxb2 21.
Bc4 Qxc2 22. Re2 1-0

[Event "Gibtelecom Masters 2005"]
[Site "Gibraltar ENG"]
[Date "2005.01.26"]
[Round "2.11"]
[White "Arakhamia Grant, Ketevan"]
[Black "Areshchenko, Alexander"]
[Result "0-1"]
[WhiteElo "2454"]
[BlackElo "2570"]
[PlyCount "100"]
[EventDate "2005.01.26"]
[EventType "swiss"]
[EventRounds "10"]
[EventCountry "ENG"]
[Source "lmi"]
[SourceDate "2005.02.03"]

1. e4 c5 2. Nf3 d6 3. d4 cxd4 4. Nxd4 Nf6 5. Nc3 a6 6. f4 e5 7. Nf3 Nbd7 8. a4
Be7 9. Bd3 O-O 10. O-O exf4 11. Kh1 Nh5 12. Nd5 Ndf6 13. Nxf4 Bg4 14. c4 Re8
15. Qc2 Bf8 16. Nxh5 Bxh5 17. Bg5 h6 18. Bh4 Be7 19. h3 Bg6 20. Bg3 Nd7 21. a5
Nc5 22. b4 Nxd3 23. Qxd3 Bf6 24. Rae1 Qe7 25. Qb3 Qc7 26. c5 Bxe4 27. cxd6 Qd7
28. Kh2 Qb5 29. Rd1 Rad8 30. Rfe1 Qf5 31. Rd2 Bc6 32. Rxe8+ Rxe8 33. Rf2 Qb5
34. Nd2 Bd5 35. Qb1 Bd4 36. Rf1 Re2 37. Nf3 Rxg2+ 38. Kxg2 Qe2+ 39. Kh1 Bxf3+
40. Rxf3 Qxf3+ 41. Kh2 Bf2 42. Be5 Qe2 43. Qb2 Qxb2 44. Bxb2 Kf8 45. d7 Bh4 46.
Bd4 Ke7 47. Bxg7 h5 48. Kg2 Kxd7 49. Kf3 Be7 50. Bc3 Kc6 0-1

[Event "Gibtelecom Masters 2005"]
[Site "Gibraltar ENG"]
[Date "2005.01.26"]
[Round "2.12"]
[White "Postny, Evgeny"]
[Black "Quillan, Gary"]
[Result "0-1"]
[WhiteElo "2557"]
[BlackElo "2322"]
[PlyCount "80"]
[EventDate "2005.01.26"]
[EventType "swiss"]
[EventRounds "10"]
[EventCountry "ENG"]
[Source "lmi"]
[SourceDate "2005.02.03"]

1. d4 e6 2. c4 Nf6 3. Nc3 c5 4. d5 exd5 5. cxd5 d6 6. e4 g6 7. f3 Bg7 8. Bg5 h6
9. Be3 O-O 10. Qd2 Re8 11. Nge2 Kh7 12. Ng3 Na6 13. Be2 Nc7 14. a4 a6 15. O-O
Rb8 16. Rab1 b5 17. axb5 Nxb5 18. Nxb5 axb5 19. b4 c4 20. Bd4 h5 21. Ra1 h4 22.
Nh1 Nh5 23. Bxg7 Kxg7 24. g4 hxg3 25. hxg3 Qf6 26. Kg2 Qe5 27. Rfe1 Rh8 28. Ra3
Bh3+ 29. Kf2 Nf6 30. Qc3 Qh5 31. Rg1 Bd7 32. Ra6 Qh2+ 33. Rg2 Qxh1 34. Rxd6 Bh3
35. Qxf6+ Kg8 36. g4 Qxg2+ 37. Ke3 Qg1+ 38. Kd2 Ra8 39. Rd8+ Rxd8 40. Qxd8+ Kg7
0-1

[Event "Gibtelecom Masters 2005"]
[Site "Gibraltar ENG"]
[Date "2005.01.26"]
[Round "2.13"]
[White "Sutovsky, Emil"]
[Black "Hamdouchi, Hichem"]
[Result "1/2-1/2"]
[WhiteElo "2669"]
[BlackElo "2555"]
[PlyCount "59"]
[EventDate "2005.01.26"]
[EventType "swiss"]
[EventRounds "10"]
[EventCountry "ENG"]
[Source "lmi"]
[SourceDate "2005.02.03"]

1. e4 c5 2. Nf3 Nc6 3. Bb5 d6 4. O-O Bd7 5. Re1 Nf6 6. c3 a6 7. Ba4 c4 8. Bc2
e5 9. d3 cxd3 10. Qxd3 h6 11. Nbd2 Be6 12. Nc4 Rc8 13. Ne3 Be7 14. Nh4 g6 15.
Nf3 Kf8 16. Nd5 Kg7 17. Nxf6 Bxf6 18. Bb3 Qe7 19. Be3 Bxb3 20. axb3 Qe6 21. b4
Ne7 22. Red1 Rhd8 23. Ra5 d5 24. exd5 Nxd5 25. Rxd5 e4 26. Rxd8 exd3 27. R8xd3
Qa2 28. R3d2 a5 29. bxa5 Qxa5 30. h3 1/2-1/2

[Event "Gibtelecom Masters 2005"]
[Site "Gibraltar ENG"]
[Date "2005.01.26"]
[Round "2.15"]
[White "Cazelais, Marc"]
[Black "Shirov, Alexei"]
[Result "0-1"]
[WhiteElo "2201"]
[BlackElo "2713"]
[PlyCount "144"]
[EventDate "2005.01.26"]
[EventType "swiss"]
[EventRounds "10"]
[EventCountry "ENG"]
[Source "lmi"]
[SourceDate "2005.02.03"]

1. e4 c5 2. c3 e6 3. d4 d5 4. exd5 exd5 5. Nf3 Nc6 6. Bb5 Bd6 7. dxc5 Bxc5 8.
O-O Nge7 9. Nbd2 Bg4 10. Qa4 Bh5 11. Qh4 Bg6 12. Re1 O-O 13. Nb3 Bb6 14. Nfd4
Nxd4 15. Nxd4 Bxd4 16. Qxd4 Nf5 17. Qd1 d4 18. cxd4 Nxd4 19. Ba4 Qb6 20. Be3
Rfd8 21. Bb3 Qb4 22. Bxd4 Rxd4 23. Qf3 Rf4 24. Qg3 Rd4 25. Qf3 Rd3 26. Re3 Rxe3
27. Qxe3 a5 28. a3 Qb5 29. Qc3 Rd8 30. Rd1 Rxd1+ 31. Bxd1 h6 32. h3 b6 33. Bf3
Qd7 34. b4 axb4 35. Qxb4 Qc7 36. Kh1 Bf5 37. Kg1 Be6 38. Qd2 Kf8 39. Qb2 f6 40.
Kf1 Ke7 41. Qb4+ Kf7 42. Qb2 Qc5 43. Be2 Bd5 44. g3 Ke7 45. Qb4 Qxb4 46. axb4
Kd6 47. Ke1 Ke5 48. Kd2 Kd4 49. h4 Bb7 50. Bf1 Bf3 51. Ba6 g5 52. Bb5 Bd5 53.
Ba6 Bc4 54. Bc8 Bb5 55. hxg5 hxg5 56. Be6 Bc6 57. Bb3 Bd5 58. Bxd5 Kxd5 59. Kd3
g4 60. Ke3 Kc4 61. Kf4 Kxb4 62. Kxg4 Kc3 63. Kf5 b5 64. Kxf6 b4 65. f4 b3 66.
g4 b2 67. g5 b1=Q 68. f5 Kd4 69. g6 Qb6+ 70. Kf7 Ke5 71. g7 Qf6+ 72. Kg8 Qxf5
0-1

[Event "Gibtelecom Masters 2005"]
[Site "Gibraltar ENG"]
[Date "2005.01.26"]
[Round "2.16"]
[White "Dunn, Andrew"]
[Black "Pert, Nicholas"]
[Result "0-1"]
[WhiteElo "2186"]
[BlackElo "2501"]
[PlyCount "91"]
[EventDate "2005.01.26"]
[EventType "swiss"]
[EventRounds "10"]
[EventCountry "ENG"]
[Source "lmi"]
[SourceDate "2005.02.03"]

1. Nf3 d5 2. d4 Nf6 3. c4 c6 4. e3 Bg4 5. h3 Bh5 6. Nc3 e6 7. Be2 Nbd7 8. O-O
Bd6 9. b3 O-O 10. Bb2 Re8 11. Ne5 Bxe2 12. Nxe2 Qc7 13. f4 Ne4 14. Qc2 Rad8 15.
Rac1 f6 16. Nxd7 Rxd7 17. c5 Bf8 18. b4 f5 19. Nc3 g5 20. Nxe4 dxe4 21. g3 Rg7
22. Kh2 Rg6 23. Qf2 Be7 24. Rg1 Kf7 25. Rcf1 Reg8 26. Qe2 Bf6 27. Qc4 h5 28.
Qe2 Qd8 29. Bc3 g4 30. Be1 h4 31. hxg4 Rh8 32. Kg2 hxg3 33. Rh1 Rh2+ 34. Rxh2
gxh2 35. Kh1 Rxg4 36. Rf2 Bxd4 37. exd4 Qxd4 38. Qd2 Qd5 39. Qxd5 exd5 40. Bc3
e3 41. Rxh2 Rxf4 42. Rh7+ Kg6 43. Rg7+ Kh5 44. Re7 d4 45. Bxd4 Rxd4 46. Rxe3
0-1

[Event "Gibtelecom Masters 2005"]
[Site "Gibraltar ENG"]
[Date "2005.01.26"]
[Round "2.17"]
[White "Osuna Vega, Enrique"]
[Black "McNab, Colin A"]
[Result "0-1"]
[WhiteElo "2173"]
[BlackElo "2440"]
[PlyCount "56"]
[EventDate "2005.01.26"]
[EventType "swiss"]
[EventRounds "10"]
[EventCountry "ENG"]
[Source "lmi"]
[SourceDate "2005.02.03"]

1. e4 c5 2. Nf3 e6 3. d4 cxd4 4. Nxd4 a6 5. Nc3 b5 6. Bd3 Qb6 7. Nb3 Qc7 8. Be3
Nf6 9. O-O Bb7 10. Qe2 Be7 11. a3 d6 12. f4 Nbd7 13. Rad1 g6 14. Rd2 O-O 15. h3
Rfe8 16. Kh1 Rac8 17. Bg1 e5 18. f5 Nc5 19. fxg6 fxg6 20. Qe1 Nxd3 21. cxd3 Nh5
22. Be3 Rf8 23. Kh2 Rxf1 24. Qxf1 Bh4 25. Bf2 Qf7 26. Qe1 Bxf2 27. Qxf2 Qxb3
28. Qb6 Qf7 0-1

[Event "Gibtelecom Masters 2005"]
[Site "Gibraltar ENG"]
[Date "2005.01.26"]
[Round "2.18"]
[White "Rogers, Ian"]
[Black "Bergsson, Stefan"]
[Result "1-0"]
[WhiteElo "2594"]
[BlackElo "2163"]
[PlyCount "79"]
[EventDate "2005.01.26"]
[EventType "swiss"]
[EventRounds "10"]
[EventCountry "ENG"]
[Source "lmi"]
[SourceDate "2005.02.03"]

1. d4 e6 2. Nf3 c5 3. g3 Nf6 4. Bg2 Nc6 5. O-O cxd4 6. Nxd4 Qb6 7. Nb3 d5 8.
Be3 Qd8 9. c4 Be7 10. Nc3 dxc4 11. Qxd8+ Bxd8 12. Nd2 Ng4 13. Bc5 Be7 14. Nce4
Bxc5 15. Nxc5 Nge5 16. f4 Nd7 17. Bxc6 bxc6 18. Nxd7 c3 19. Ne5 cxd2 20. Rfd1
Bb7 21. Rxd2 f6 22. Nc4 Rd8 23. Nd6+ Ke7 24. Rad1 Ba8 25. b4 g5 26. fxg5 fxg5
27. Kf2 h5 28. Ke3 Rhf8 29. Rd3 h4 30. g4 h3 31. Rd4 a5 32. a3 axb4 33. axb4
Rg8 34. Ra1 Rd7 35. Ne4 Rb7 36. Nc5 Rc7 37. Re4 e5 38. Rxe5+ Kd6 39. Ke4 Rcg7
40. Rd1+ 1-0

[Event "Gibtelecom Masters 2005"]
[Site "Gibraltar ENG"]
[Date "2005.01.26"]
[Round "2.19"]
[White "Ocana Roca, Juan Jesus"]
[Black "Thorfinnsson, Bragi"]
[Result "0-1"]
[WhiteElo "2149"]
[BlackElo "2435"]
[PlyCount "89"]
[EventDate "2005.01.26"]
[EventType "swiss"]
[EventRounds "10"]
[EventCountry "ENG"]
[Source "lmi"]
[SourceDate "2005.02.03"]

1. e4 c5 2. Nf3 d6 3. d4 cxd4 4. Nxd4 Nf6 5. Nc3 Nc6 6. Bc4 e6 7. Bb3 Be7 8.
Be3 a6 9. Qe2 O-O 10. O-O-O Qc7 11. g4 Nd7 12. g5 Nc5 13. h4 b5 14. f3 Bd7 15.
g6 b4 16. Nb1 Nxb3+ 17. axb3 Nxd4 18. Rxd4 e5 19. gxh7+ Kxh7 20. Rc4 Qb7 21.
Rg1 Be6 22. Qg2 Bf6 23. Bg5 Rg8 24. Nd2 a5 25. Qe2 Bxg5 26. hxg5 Rh8 27. f4
exf4 28. g6+ fxg6 29. Nf3 Kg8 30. Rd4 a4 31. Rxd6 axb3 32. Rxe6 Ra1+ 33. Kd2
Rxg1 34. Re8+ Kf7 35. Rxh8 Qd7+ 36. Qd3 Rg2+ 37. Kc1 Qxd3 38. cxd3 Rc2+ 39. Kd1
Rxb2 40. Nd2 g5 41. d4 Ra2 42. Nxb3 f3 43. Rh3 g4 44. Rh4 f2 45. Rh1 0-1

[Event "Gibtelecom Masters 2005"]
[Site "Gibraltar ENG"]
[Date "2005.01.26"]
[Round "2.20"]
[White "Hebden, Mark"]
[Black "Mitchell, Martin"]
[Result "1-0"]
[WhiteElo "2521"]
[BlackElo "2147"]
[PlyCount "51"]
[EventDate "2005.01.26"]
[EventType "swiss"]
[EventRounds "10"]
[EventCountry "ENG"]
[Source "lmi"]
[SourceDate "2005.02.03"]

1. d4 Nf6 2. Nf3 g6 3. Nc3 d5 4. Bf4 Bg7 5. e3 O-O 6. Be2 c5 7. Ne5 cxd4 8.
exd4 Nfd7 9. Nf3 Nf6 10. Qd2 Bg4 11. O-O-O Nc6 12. Ne5 Bxe2 13. Qxe2 Rc8 14.
Kb1 Qb6 15. Qd2 Nxe5 16. Bxe5 Ne4 17. Nxe4 dxe4 18. Bxg7 Kxg7 19. Rhe1 Rc7 20.
Rxe4 Rfc8 21. Rc1 f5 22. Re5 Qd6 23. Qe3 Rf8 24. c4 b6 25. f4 Rd8 26. Rd5 1-0

[Event "Gibtelecom Masters 2005"]
[Site "Gibraltar ENG"]
[Date "2005.01.26"]
[Round "2.21"]
[White "Williams, Simon"]
[Black "Flores Chico, Jorge"]
[Result "1-0"]
[WhiteElo "2487"]
[BlackElo "2125"]
[PlyCount "59"]
[EventDate "2005.01.26"]
[EventType "swiss"]
[EventRounds "10"]
[EventCountry "ENG"]
[Source "lmi"]
[SourceDate "2005.02.03"]

1. d4 d5 2. c4 e5 3. dxe5 d4 4. e4 Nc6 5. f4 Nxe5 6. fxe5 Qh4+ 7. Kd2 Qxe4 8.
Bd3 Qxg2+ 9. Ne2 Bd7 10. Kc2 O-O-O 11. Bf4 Ne7 12. Rg1 Qh3 13. Qf1 Qe6 14. Nd2
Nc6 15. a3 Na5 16. b3 Nc6 17. Nf3 Kb8 18. Kb2 a5 19. Qe1 a4 20. b4 f6 21. Nexd4
Nxd4 22. Nxd4 Qb6 23. Qc3 c5 24. Nc2 fxe5 25. Bxe5+ Ka8 26. b5 Rg8 27. Bxh7 Rh8
28. Be4 Rh4 29. Rg6 Bc6 30. Bxc6 1-0

[Event "Gibtelecom Masters 2005"]
[Site "Gibraltar ENG"]
[Date "2005.01.26"]
[Round "2.22"]
[White "Del Rio Angelis, Salvador G"]
[Black "Duncanson, Henry G"]
[Result "1-0"]
[WhiteElo "2502"]
[BlackElo "2110"]
[PlyCount "91"]
[EventDate "2005.01.26"]
[EventType "swiss"]
[EventRounds "10"]
[EventCountry "ENG"]
[Source "lmi"]
[SourceDate "2005.02.03"]

1. e4 e6 2. d4 d5 3. Nc3 Bb4 4. e5 c5 5. a3 Ba5 6. b4 cxd4 7. Qg4 Kf8 8. Qxd4
Bb6 9. Qf4 Ne7 10. Nf3 Ng6 11. Qg3 Nc6 12. Bb2 Nd4 13. O-O-O Nf5 14. Qh3 Bxf2
15. g3 Bd7 16. Bd3 Nfe7 17. Kb1 a5 18. b5 h6 19. Qg2 Bb6 20. h4 Kg8 21. h5 Nf8
22. Ne2 Nf5 23. Bxf5 exf5 24. Rxd5 Qe8 25. Nfd4 Be6 26. Rd6 Bc5 27. Qxb7 Bxd6
28. exd6 Rd8 29. Qe7 Qd7 30. Nc6 Re8 31. Qxd7 Nxd7 32. Nf4 Kh7 33. Nxa5 Rc8 34.
Nxe6 fxe6 35. Nc6 Rhe8 36. a4 e5 37. a5 e4 38. a6 Re6 39. Rd1 e3 40. a7 e2 41.
Re1 Rce8 42. Bd4 Rxd6 43. Rxe2 Ra8 44. Re7 Nf6 45. Bxf6 Rxf6 46. Rb7 1-0

[Event "Gibtelecom Masters 2005"]
[Site "Gibraltar ENG"]
[Date "2005.01.26"]
[Round "2.23"]
[White "Cmilyte, Viktorija"]
[Black "Vinas Guerrero, Carlos A"]
[Result "1-0"]
[WhiteElo "2468"]
[BlackElo "2096"]
[PlyCount "55"]
[EventDate "2005.01.26"]
[EventType "swiss"]
[EventRounds "10"]
[EventCountry "ENG"]
[Source "lmi"]
[SourceDate "2005.02.03"]

1. d4 d5 2. c4 c6 3. Nc3 Nf6 4. e3 e6 5. Nf3 Nbd7 6. Qc2 Bd6 7. g4 h6 8. Rg1
Qe7 9. Bd2 e5 10. O-O-O e4 11. Nh4 g6 12. f4 b6 13. cxd5 cxd5 14. Be1 Bb7 15.
Kb1 Bb4 16. a3 Bxc3 17. Bxc3 Rc8 18. Qa4 a5 19. Bb5 Ng8 20. Rc1 Rc7 21. Bxa5
Rxc1+ 22. Rxc1 bxa5 23. Rc7 Qxh4 24. Rxb7 Ngf6 25. Bxd7+ Kf8 26. Qxa5 Qxh2 27.
Be6 fxe6 28. Qd8+ 1-0

[Event "Gibtelecom Masters 2005"]
[Site "Gibraltar ENG"]
[Date "2005.01.26"]
[Round "2.24"]
[White "Fraser Mitchell, Jeremy M"]
[Black "Tissir, Mohamed"]
[Result "0-1"]
[WhiteElo "2092"]
[BlackElo "2426"]
[PlyCount "98"]
[EventDate "2005.01.26"]
[EventType "swiss"]
[EventRounds "10"]
[EventCountry "ENG"]
[Source "lmi"]
[SourceDate "2005.02.03"]

1. d4 e6 2. c4 c5 3. d5 exd5 4. cxd5 d6 5. Nc3 Ne7 6. e4 Ng6 7. Nf3 Be7 8. Be2
O-O 9. O-O f5 10. exf5 Bxf5 11. Be3 Nd7 12. Qd2 Bf6 13. Rad1 a6 14. Ng5 Bxg5
15. Bxg5 Nf6 16. a4 Qd7 17. Rfe1 h6 18. Be3 Nh4 19. f3 Qf7 20. Bf2 Ng6 21. a5
Qc7 22. Na4 Rae8 23. Nb6 Ne5 24. b4 cxb4 25. Qxb4 Kh8 26. Rc1 Qd8 27. Bg3 Nh5
28. Bh4 Nf6 29. Bf1 Kg8 30. Red1 g5 31. Bf2 g4 32. f4 Ng6 33. g3 Ne4 34. Be1 h5
35. Nc4 Rf7 36. Bg2 Rd7 37. Nb6 Rde7 38. Nc4 Rd7 39. Nb6 Rc7 40. Rc4 Nc5 41.
Bf1 Re3 42. Qd2 Ree7 43. Qc3 Qe8 44. Rc1 Re3 45. Qb4 Rf3 46. Bf2 h4 47. Bxc5
dxc5 48. Rxc5 Qe3+ 49. Kh1 Rxf1+ 0-1

[Event "Gibtelecom Masters 2005"]
[Site "Gibraltar ENG"]
[Date "2005.01.26"]
[Round "2.25"]
[White "Shaw, John"]
[Black "Diaz Montenegro, Ignacio"]
[Result "1-0"]
[WhiteElo "2445"]
[BlackElo "2090"]
[PlyCount "59"]
[EventDate "2005.01.26"]
[EventType "swiss"]
[EventRounds "10"]
[EventCountry "ENG"]
[Source "lmi"]
[SourceDate "2005.02.03"]

1. e4 c6 2. d4 d5 3. Nc3 dxe4 4. Nxe4 Bf5 5. Ng3 Bg6 6. h4 h6 7. Nf3 Nf6 8. Ne5
Bh7 9. Bd3 Bxd3 10. Qxd3 Nbd7 11. f4 Nxe5 12. fxe5 Ng4 13. h5 Qd5 14. Rh4 Nxe5
15. dxe5 Qxe5+ 16. Re4 Qf6 17. Qd4 Qxd4 18. Rxd4 e5 19. Rd3 Rd8 20. Rxd8+ Kxd8
21. Be3 b6 22. Rd1+ Kc7 23. Ke2 Rg8 24. Rf1 f6 25. Rd1 Be7 26. Nf5 Bf8 27. Nh4
Bd6 28. Kf3 Re8 29. Ke4 a5 30. Bxb6+ 1-0

[Event "Gibtelecom Masters 2005"]
[Site "Gibraltar ENG"]
[Date "2005.01.26"]
[Round "2.26"]
[White "Obers, Frits"]
[Black "Pert, Richard G"]
[Result "0-1"]
[WhiteElo "2084"]
[BlackElo "2417"]
[PlyCount "76"]
[EventDate "2005.01.26"]
[EventType "swiss"]
[EventRounds "10"]
[EventCountry "ENG"]
[Source "lmi"]
[SourceDate "2005.02.03"]

1. d4 Nf6 2. c4 e6 3. Nc3 Bb4 4. Qc2 O-O 5. a3 Bxc3+ 6. Qxc3 b5 7. cxb5 c6 8.
Bg5 cxb5 9. e3 Bb7 10. f3 a6 11. Bd3 Nc6 12. Ne2 Rc8 13. O-O h6 14. Bh4 Nd5 15.
Bxd8 Nxc3 16. bxc3 Rfxd8 17. Rfb1 Ne7 18. e4 Bc6 19. Kf2 d5 20. e5 Rc7 21. Ke3
Nc8 22. Bc2 Nb6 23. Nc1 Be8 24. Ne2 f6 25. exf6 gxf6 26. Bd3 Kg7 27. Rb3 Rdc8
28. Rc1 Bf7 29. g4 Na4 30. Kd2 Kf8 31. Rb4 Ke7 32. Rb3 Kd6 33. f4 Rg8 34. Rg1
Be8 35. Ke3 Rcg7 36. Kf3 h5 37. h3 hxg4+ 38. hxg4 Rxg4 0-1

[Event "Gibtelecom Masters 2005"]
[Site "Gibraltar ENG"]
[Date "2005.01.26"]
[Round "2.27"]
[White "Vea, Odin Blikra"]
[Black "Belezky, Sasha"]
[Result "1/2-1/2"]
[WhiteElo "2077"]
[BlackElo "2399"]
[PlyCount "39"]
[EventDate "2005.01.26"]
[EventType "swiss"]
[EventRounds "10"]
[EventCountry "ENG"]
[Source "lmi"]
[SourceDate "2005.02.03"]

1. e4 c5 2. Nf3 d6 3. d4 cxd4 4. Nxd4 Nf6 5. Nc3 g6 6. Be3 Bg7 7. f3 Nc6 8. Qd2
O-O 9. O-O-O Nxd4 10. Bxd4 Be6 11. g4 Qa5 12. Kb1 Rfc8 13. g5 Nh5 14. Bxg7 Kxg7
15. Qd4+ Qe5 16. Nd5 Bxd5 17. exd5 Qxd4 18. Rxd4 h6 19. f4 f6 20. gxf6+ 1/2-1/2

[Event "Gibtelecom Masters 2005"]
[Site "Gibraltar ENG"]
[Date "2005.01.26"]
[Round "2.28"]
[White "Kristjansson, Stefan"]
[Black "Heyl, Thomas"]
[Result "1-0"]
[WhiteElo "2438"]
[BlackElo "2070"]
[PlyCount "101"]
[EventDate "2005.01.26"]
[EventType "swiss"]
[EventRounds "10"]
[EventCountry "ENG"]
[Source "lmi"]
[SourceDate "2005.02.03"]

1. d4 d5 2. c4 e6 3. Nc3 Nf6 4. cxd5 exd5 5. Bg5 Nbd7 6. e3 Bb4 7. Bd3 O-O 8.
Nge2 c6 9. O-O Re8 10. Qc2 Nf8 11. f3 h6 12. Bxf6 Qxf6 13. e4 Be6 14. e5 Qd8
15. f4 Bg4 16. Ng3 c5 17. a3 Bxc3 18. bxc3 c4 19. Bf5 Bxf5 20. Nxf5 Nh7 21. Rf3
Kh8 22. Rg3 Rg8 23. Nd6 Qd7 24. Rb1 b6 25. Rb5 Rad8 26. h3 g6 27. Rxd5 Qe6 28.
Rb5 Nf6 29. f5 gxf5 30. Rxg8+ Nxg8 31. d5 Qg6 32. Nxc4 Ne7 33. d6 Nc6 34. Ne3
Qg3 35. Qf2 Qg5 36. h4 Qh5 37. Qf3 Qxf3 38. gxf3 f4 39. Ng4 Kg7 40. Rd5 Kg6 41.
d7 Nb8 42. Rd6+ Kg7 43. Nf6 Kf8 44. h5 Ke7 45. Nd5+ Kf8 46. Rxh6 Rxd7 47. Nxf4
Rd1+ 48. Kg2 Nd7 49. e6 Kg7 50. e7 Re1 51. Re6 1-0

[Event "Gibtelecom Masters 2005"]
[Site "Gibraltar ENG"]
[Date "2005.01.26"]
[Round "2.29"]
[White "Rios Gonzalez, Jose Antonio"]
[Black "Rendle, Thomas"]
[Result "0-1"]
[WhiteElo "2070"]
[BlackElo "2370"]
[PlyCount "96"]
[EventDate "2005.01.26"]
[EventType "swiss"]
[EventRounds "10"]
[EventCountry "ENG"]
[Source "lmi"]
[SourceDate "2005.02.03"]

1. d4 f5 2. Nf3 Nf6 3. g3 g6 4. Bg2 Bg7 5. b3 O-O 6. Bb2 d5 7. Nbd2 c6 8. c4 a5
9. O-O Kh8 10. a3 Be6 11. c5 Nbd7 12. Ng5 Bg8 13. f4 Ng4 14. Qc1 Ne3 15. Rf3
Nxg2 16. Kxg2 h6 17. Nh3 Nf6 18. a4 Ne4 19. Rd3 Kh7 20. Nf3 Be6 21. Nhg1 Bf6
22. h4 Rg8 23. Nh3 Rg7 24. Bc3 Qc7 25. Bd2 Kg8 26. Rb1 b6 27. cxb6 Qxb6 28. b4
axb4 29. Rxb4 Qa6 30. Be3 Rc8 31. Qc2 Nd6 32. Rdb3 Nc4 33. Qd3 Kh7 34. Rb1 Rgg8
35. Kf2 Rc7 36. Ne5 Bxe5 37. fxe5 Bc8 38. Nf4 e6 39. h5 g5 40. Ng6 Qa7 41. R1b3
Ba6 42. Qb1 c5 43. Rb8 cxd4 44. Nf8+ Rxf8 45. Rxf8 dxe3+ 46. Kg2 Nd2 47. Rbb8
Nxb1 48. Rbe8 Qc5 0-1

[Event "Gibtelecom Masters 2005"]
[Site "Gibraltar ENG"]
[Date "2005.01.26"]
[Round "2.30"]
[White "Orr, Mark JL"]
[Black "Agdestein, Emil"]
[Result "1/2-1/2"]
[WhiteElo "2324"]
[BlackElo "2045"]
[PlyCount "94"]
[EventDate "2005.01.26"]
[EventType "swiss"]
[EventRounds "10"]
[EventCountry "ENG"]
[Source "lmi"]
[SourceDate "2005.02.03"]

1. d4 d5 2. Nf3 Nf6 3. c4 c6 4. Nc3 a6 5. c5 Nbd7 6. Bf4 Nh5 7. e3 g6 8. Bd3
Bg7 9. O-O O-O 10. b4 Re8 11. Bc2 e5 12. dxe5 Nxe5 13. Nxe5 Bxe5 14. Bxe5 Rxe5
15. Qd4 Re8 16. e4 dxe4 17. Qxd8 Rxd8 18. Bxe4 Be6 19. Rfd1 Nf6 20. Bf3 Kf8 21.
h3 Rxd1+ 22. Rxd1 Ke7 23. a3 Rd8 24. Rxd8 Kxd8 25. Kf1 Bc4+ 26. Ke1 Ke7 27. Kd2
g5 28. g3 Be6 29. h4 gxh4 30. gxh4 Bf5 31. Ke3 Nd7 32. Kd4 Kf6 33. a4 Ne5 34.
Be4 Ke6 35. Bxf5+ Kxf5 36. Ne4 Nf3+ 37. Ke3 Nxh4 38. Nd6+ Kg4 39. Nxf7 Nf5+ 40.
Ke4 Ne7 41. Ne5+ Kg5 42. f4+ Kf6 43. Ng4+ Kf7 44. Ke5 h5 45. Nf2 Nd5 46. b5
axb5 47. axb5 Nb4 1/2-1/2

[Event "Gibtelecom Masters 2005"]
[Site "Gibraltar ENG"]
[Date "2005.01.26"]
[Round "2.31"]
[White "White, Kevin"]
[Black "Estremera Panos, Sergio"]
[Result "1/2-1/2"]
[WhiteElo "2035"]
[BlackElo "2384"]
[PlyCount "51"]
[EventDate "2005.01.26"]
[EventType "swiss"]
[EventRounds "10"]
[EventCountry "ENG"]
[Source "lmi"]
[SourceDate "2005.02.03"]

1. d4 Nf6 2. Nf3 e6 3. c3 c5 4. Bg5 cxd4 5. cxd4 Qb6 6. Qc1 Nc6 7. e3 Ne4 8.
Bf4 Bb4+ 9. Nfd2 d5 10. Bd3 Nxd2 11. Nxd2 Bd7 12. O-O Rc8 13. Qd1 Be7 14. Qb3
Qxb3 15. Nxb3 Nb4 16. Bb1 g5 17. Bg3 Bb5 18. Rc1 Rxc1+ 19. Nxc1 O-O 20. a4 Rc8
21. Bxh7+ Kxh7 22. axb5 Rc2 23. Rb1 a5 24. bxa6 bxa6 25. Kf1 f5 26. f3 1/2-1/2

[Event "Gibtelecom Masters 2005"]
[Site "Gibraltar ENG"]
[Date "2005.01.26"]
[Round "2.32"]
[White "Bellon Lopez, Juan Manuel"]
[Black "Bryn, Askild"]
[Result "1-0"]
[WhiteElo "2428"]
[BlackElo "2009"]
[PlyCount "73"]
[EventDate "2005.01.26"]
[EventType "swiss"]
[EventRounds "10"]
[EventCountry "ENG"]
[Source "lmi"]
[SourceDate "2005.02.03"]

1. d4 e6 2. e4 d5 3. Nc3 dxe4 4. Nxe4 Bd7 5. Bd3 Nf6 6. Bg5 Be7 7. Bxf6 Bxf6 8.
Nf3 Bc6 9. c3 Nd7 10. Qe2 Bxe4 11. Bxe4 c6 12. O-O O-O 13. a4 Qc7 14. a5 Rac8
15. Rfd1 Rfd8 16. g3 Nf8 17. h4 g6 18. h5 Re8 19. Kg2 e5 20. hxg6 fxg6 21. d5
cxd5 22. Rxd5 Qc4 23. Qc2 Kg7 24. Ra4 Qc7 25. Rb5 b6 26. axb6 axb6 27. Ra6 Nd7
28. Nd2 Bd8 29. Qa4 Re7 30. Ra7 Qb8 31. Rb7 Qd6 32. Rd5 Nc5 33. Rxd6 Nxa4 34.
Rxd8 Rxd8 35. Rxe7+ Kf6 36. Ra7 Nc5 37. b4 1-0

[Event "Gibtelecom Masters 2005"]
[Site "Gibraltar ENG"]
[Date "2005.01.26"]
[Round "2.33"]
[White "Gonzalez Amaya, Milan"]
[Black "Kekki, Petri"]
[Result "0-1"]
[WhiteElo "1931"]
[BlackElo "2362"]
[PlyCount "34"]
[EventDate "2005.01.26"]
[EventType "swiss"]
[EventRounds "10"]
[EventCountry "ENG"]
[Source "lmi"]
[SourceDate "2005.02.03"]

1. e4 e6 2. d4 d5 3. Nc3 Bb4 4. e5 Ne7 5. a3 Bxc3+ 6. bxc3 c5 7. Qg4 Kf8 8. Nf3
Qa5 9. Bd2 Qa4 10. Ra2 Nbc6 11. Ng5 Nxe5 12. Qh5 N5g6 13. Bd3 c4 14. Bxg6 Nxg6
15. Qf3 Qe8 16. h4 h6 17. Qh5 hxg5 0-1

[Event "Gibtelecom Masters 2005"]
[Site "Gibraltar ENG"]
[Date "2005.01.26"]
[Round "2.35"]
[White "Johannesson, Ingvar Thor"]
[Black "Howell, David"]
[Result "1-0"]
[WhiteElo "2315"]
[BlackElo "2348"]
[PlyCount "75"]
[EventDate "2005.01.26"]
[EventType "swiss"]
[EventRounds "10"]
[EventCountry "ENG"]
[Source "lmi"]
[SourceDate "2005.02.03"]

1. d4 Nf6 2. c4 g6 3. Nc3 d5 4. Nf3 Bg7 5. e3 O-O 6. b4 c6 7. a4 Bg4 8. Qb3 a5
9. Ne5 Be6 10. Rb1 Na6 11. bxa5 c5 12. Qxb7 Nb4 13. Qb6 cxd4 14. Rxb4 dxc3 15.
Nc6 Qe8 16. c5 Nd7 17. Qc7 Bf6 18. Rb5 Qc8 19. Qxc8 Rfxc8 20. Nd4 Nxc5 21. Ba3
Nxa4 22. Bd3 Nb2 23. Bxb2 cxb2 24. Kd2 Ra7 25. Rb1 Rca8 26. R1xb2 Bxd4 27. exd4
Rxa5 28. Rxa5 Rxa5 29. Rb3 Kg7 30. h4 Ra1 31. g3 f6 32. f4 Rg1 33. Be2 Bf5 34.
Re3 Kf7 35. Bf3 e6 36. Be2 Ke7 37. Ra3 h6 38. Rb3 1-0